| 000 | 00373 a2200097 4500 | ||
|---|---|---|---|
| 245 | 0 | 0 |
_aUrządzenia i systemy elektroakustyczne - Stosowanie złączy do łączenia zespołów elektroakustycznych PN-93/T-04499.11 / _cMP i Handlu. |
| 246 | 1 | 3 | _aPN-93/T-04499.11 |
| 246 | 1 | 3 | _a621.37/.38:621.316.541.112 |
| 260 |
_aWarszawa : _bMP i Handlu, _c1993. |
||
| 300 |
_a16 stron ; _c30 cm. |
||
| 650 | _aPolska norma | ||
| 999 |
_c20711 _d20711 |
||